000
00257nam a2200109Ia 4500
008
190216s9999||||xx |||||||||||||| ||und||
100
_a
Asees V A A
245
0
_a
Ambilikala
260
_b
Amina Book Stall
650
_a
Malayalam Novel-Malayalam
942
_c
BK
999
_c
24286
_d
24286